Państwa według jednej podpowiedzi #16 - Statystyki

Ogólne statystyki
  • Ten quiz został rozwiązany 3 351 razy
  • Średni wynik to 9 z 20
Statystyki odpowiedzi
Podpowiedź: Państwo % Poprawnych
Jest znane jako "Kraj Wschodzącego Słońca". Japonia
90%
Jest położone około 60 kilometrów na południe od Sycylii. Malta
83%
Jest połączone mostem ze Szwecją. Dania
79%
W jego rodzimym języku jest znane jako "Österreich". Austria
78%
W wojnie toczonej w latach 1864–1870 z Brazylią, Argentyną i Urugwajem zginęło aż 90% jego dorosłych mężczyzn. Paragwaj
49%
Jest państwem wyspiarskim i znajduje się na północny zachód od Madagaskaru. Komory
48%
Pomimo nazwy, leży na północ od równika, a nie na nim. Gwinea Równikowa
46%
Maorysi byli jego rodzimymi mieszkańcami. Nowa Zelandia
46%
Jest położone najdalej na wschód ze wszystkich państw UE. Cypr
44%
W największym jeziorze tego środkowoamerykańskiego państwa żyją rekiny. Nikaragua
43%
Niektóre z jego miast to Nikšić, Pljevlja i Cetynia. Czarnogóra
42%
Jego stolica, Brazzaville, jest po drugiej stronie rzeki od Kinszasy. Kongo
41%
Żyła tam Eva Perón. Argentyna
37%
Jest trzecim najmniejszym państwem w Azji (po Malediwach i Singapurze). Bahrajn
34%
To środkowoazjatyckie państwo jest znane z pokonania na własnych terenach wielu imperiów. Afganistan
32%
Jego rząd w Wagadugu został obalony w wyniku zamachów stanu w 1966, 1980, 1982, 1983, 1987 i dwa razy w 2022 roku. Burkina Faso
20%
Jego trzecie największe miasto - Samarkanda - było zdobyte przez Aleksandra Wielkiego i Czyngisa-chana. Uzbekistan
17%
Było ostatnim państwem rządzonym przez cara. Bułgaria
14%
Pomimo bycia członkiem Wspólnoty Narodów ma swojego własnego monarchę - Tupou VI. Tonga
12%
Pochodzą z niego steel pan, muzyka calypso i limbo. Trynidad i Tobago
6%
Nie znaleziono quizów pasujących do podanych kryteriów
Rozkład punktacji
Procent ludzi z każdym wynikiem
Percentyl według liczby udzielonych odpowiedzi
Twoja historia wyników
Nie rozwiązałeś tego quizu